| 000 | 01373cab a2200229 4500 | ||
|---|---|---|---|
| 001 | A161 | ||
| 008 | 090401t1992 xxu||||| |||| 00| 0 eng d | ||
| 035 | _a(Sirsi) u27365 | ||
| 041 | _aeng | ||
| 245 | _aAnduff Holdings Ltd v SoS for Scotland | ||
| 260 | _c1992 | ||
| 350 | _a0 | ||
| 490 |
_aScots Law Times _v1992 SLT 696-701(6) |
||
| 520 | _aSecond Division 29 May 1991. Car wash centre - planning permission - application refused on basis that proposal made inappropriate use of site - appeal dismissed on ground of physical design of development and possibility that adjacent site would be left undeveloped - whether grounds foreshadowed in planning authority`s decision and objections - whether applicants had fair notice - whether reporter in breach of principles of natural justice - Town and Country Planning (Scotland) Act 1972 s233. Held, that the reporter`s grounds of decision were based on issues not raised by the parties nor by the reporter, and the principles of natural justice required that A should have had the opportunity to deal with these issues. Appeal allowed and decision of reporter quashed. | ||
| 650 | _aPLANNING PERMISSION | ||
| 650 | _aREFUSAL OF CONSENT | ||
| 650 | _aSCOTLAND | ||
| 650 | _aTOWN AND COUNTRY PLANNING (SCOTLAND) ACT 1972 S233 | ||
| 690 | _aPLANNING LAW AND PRACTICE-CASE LAW | ||
| 942 | _n0 | ||
| 948 | _c04/03/1997 | ||
| 999 |
_c18415 _d18415 |
||